БОРОВСКА ТРИБУНА (Запис номер 291758)
[ съкратено ]
| 000 -Лидер | |
|---|---|
| Контролно поле с фиксирана дължина | 01274nas a2200277 c 4500 |
| 003 - Код на организацията, давaща контролен номер | |
| Контролно поле | BLK |
| 005 - Дата и час на последна редакция | |
| Контролно поле | 20180421003018.0 |
| 008 - Елементи от данни с фиксирана дължина | |
| fixed length control field | 180413b bul raner|||| |0| c1bulo| |
| 010 ## - Наследен системен номер | |
| LC control number | PRD00002638000 |
| 022 ## - Международен стандартен номер на серия ISSN | |
| Международният стандартен номер на серията ISSN | C605-3653 |
| 040 ## - Източник на каталожния запис | |
| Идентификатор на билиотеката - собственик на записа | BLK |
| 041 ## - Код за език | |
| Код за езика на текст/звукозапис или на отделно заглавие | Български |
| Код за езика КДБФ | Български |
| 080 ## - УДК | |
| Текстов определител УДК | Социография. Социално положение. Условия на политическия и социалния живот. Социално и социално-икономическо положение на отделните страни, народи, раси. Социална география. (Общи въпроси) |
| УДК код - определител по УДК | 308 |
| УДК определител | (497.2) |
| УДК - код + определител | 308(497.2) |
| 110 1# - Редна дума - колетивен орган | |
| Редна дума - наименование на организация или юридическо лице | Орган на ОПК, ОНС и АПК 1-ви май |
| 9 (RLIN) | 358204 |
| 245 10 - Сведения за заглавието | |
| Заглавие | БОРОВСКА ТРИБУНА |
| Подзаглавни данни | Общински вестник |
| Редно поле (дума) | Орган на ОПК, ОНС и АПК 1-ви май |
| Дата на създаване на произведението | Начална год. на издаване: Год. 1, № 1 (1986), |
| 257 ## - Страна на издаване | |
| Страна на създаване/издаване | България |
| 260 ## - Област на издателските данни | |
| -- | Борово |
| Име на издателя, разпространителя и проч. | ОбС |
| Година на издаване | 1986 |
| 300 ## - Физическа характеристика | |
| Размери/Мащаб | 40 |
| 310 ## - Текуща периодчност на изданието | |
| -- | периодичност: 0 |
| Срок за съхранение | срок за съхранение: 99 |
| 380 ## - Жанр | |
| Жанр | Обществени науки |
| 852 ## - Местоположение | |
| Форматна сигнатура | В 390 |
| 856 ## - Електронен адрес и достъп | |
| Електронен формат | pdf - файл |
| Път до файла /url/ | |
| 856 ## - Електронен адрес и достъп | |
| Електронен формат | pdf - файл |
| Път до файла /url/ | |
| 942 ## - АРТИКУЛИ | |
| Вид на библиотечния материал | Вестници |
| Скрит в OPAC | Не |
| Периодичен библиозапис | Да |
| 944 ## - СЪЗДАВАНЕ И РЕДАКЦИЯ на ЗАПИСА | |
| Създаване/Редакция | Създаване |
| Дата на регистрацията/редакция | Мария_Кръстева |
| Служител, извършил регистрацията/редакцията | 15.01.2003 |
| 944 ## - СЪЗДАВАНЕ И РЕДАКЦИЯ на ЗАПИСА | |
| Създаване/Редакция | Редакция |
| Дата на регистрацията/редакция | |
| Служител, извършил регистрацията/редакцията | 07.10.2013 |
| 999 ## - СИСТЕМНИ КОНТРОЛНИ НОМЕРА | |
| Koha biblionumber | 291758 |
| Koha biblioitemnumber | 291758 |
| Код за отписване | Код за изгубен артикул | Източник на класификационната схема | Код за повреда | Коз за рестрикции | Код за отдаване | Артикулен № | Име на библиотеката - собственик | Име на библиотеката, в която се намира в момента | Статус (Текущо местоположение) | Дата на вписване в системата | Местоположение - отдел | Цена в лева | Номерация (Хронология) | Инвентарен номер | Систематично азбучна сигнатура | Баркод | Номер на екземпляра | Цена в евро | Служебна бележка | Служебен тип на артикула | Бележка за публиката |
|---|---|---|---|---|---|---|---|---|---|---|---|---|---|---|---|---|---|---|---|---|---|
| Не е изгубен | Universal Decimal Classification | Не е повреден | без рестрикции | ползва се в читалня | 575923 | Регионална библиотека "Любен Каравелов" Русе | Регионална библиотека "Любен Каравелов" Русе | Хранилище | 1986-01-01 | Хранилище | 0.00 | Обхват на том: 1-2,6-12,3-18,1-23 | 550400 | В 390 | 130000550400 | 1 | 0.00 | Дост: Dp, Вид: Д, N: стар фонд, Годиш. инв.: 1-3, Дата инв: 27.06.2014, Бележки инв: Цб2014 | Вестници | Год. на изд.: 1986-1988 | |
| Изтеглен | Не е изгубен | Universal Decimal Classification | Не е повреден | без рестрикции | ползва се в читалня | 575924 | Регионална библиотека "Любен Каравелов" Русе | Регионална библиотека "Любен Каравелов" Русе | Краезнание | 2011-03-11 | Краезнание | 0.01 | Обхват на том: 2 | 130000717590 | В 390 | 130000717590 | 2 | 0.01 | Дост: Dp, Вид: Д, N: стар фонд | Вестници | Год. на изд.: 1999 |